| 000 | 01552 a2200205 4500 | ||
|---|---|---|---|
| 020 | _a047147925X | ||
| 020 | _a9780471479253 | ||
| 082 | 0 | 4 | _a658.827 |
| 090 |
_c1727 _d1727 |
||
| 100 | 1 | _aTemporal, Paul. | |
| 245 | 1 | 0 |
_aAdvanced brand management / _cPaul Temporal. |
| 250 | _a1st ed. | ||
| 260 |
_a[S.l.] : _bWiley, _c2002. |
||
| 300 |
_a240 p. ; _c24 cm. |
||
| 500 | _aHardcover. | ||
| 520 | _aBranding your firm's future-with success More than a name game, product branding is often a high-stakes gamble-even when there's substantial market research behind it. The Classic Coke fiasco is just one example. With millions of dollars at stake each time out, companies can't afford branding strategies that can't stand up in the marketplace. Representing the brain trust in brand management, Paul Temporal's Advanced Brand Management presents the highly sophisticated branding techniques used by some of the world's leading companies. Strategies such as brand stretching and brand architecture are described, especially as tools for managing the total brand experience and value. The book also includes a brand management toolkit, which provides checklists and exercises, as well as global and Asian case studies. This indispensable practitioner's guide will help companies secure lasting brand equity for their products. | ||
| 856 | 4 | 0 |
_3Amazon.com _uhttp://www.amazon.com/exec/obidos/ASIN/047147925X/chopaconline-20 |
| 856 | 4 | 0 |
_3Amazon customer reviews _uhttp://www.chopac.org/cgi-bin/tools/azrev.pl?q=047147925X |
| 942 |
_aNBS _cBK _k658.827 TEM |
||
| 999 |
_c344242 _d344242 |
||